Clínica quirúrgica y técnica operatoria / (Record no. 121139)
[ view plain ]
| 000 -LEADER | |
|---|---|
| campo de control de longitud fija | 00469nam a2200157 4500 |
| 001 - NÚMERO DE CONTROL | |
| campo de control | 121139 |
| 003 - IDENTIFICADOR DE NÚMERO DE CONTROL | |
| campo de control | ES-MaACL |
| 005 - FECHA Y HORA DE LA ÚLTIMA TRANSACCIÓN | |
| campo de control | 20230906191710.0 |
| 007 - CAMPO FIJO DE DESCRIPCIÓN FÍSICA--INFORMACIÓN GENERAL | |
| campo de control de longitud fija | t| |
| 008 - DATOS DE LONGITUD FIJA--INFORMACIÓN GENERAL | |
| campo de control de longitud fija | 070214s1920 cu r ||||1| spa d |
| 100 1# - ENTRADA PRINCIPAL--NOMBRE DE PERSONA | |
| Nombre de persona | Presno y Bastiony, J. A. |
| 9 (RLIN) | 93785 |
| 245 10 - MENCIÓN DEL TÍTULO | |
| Título | Clínica quirúrgica y técnica operatoria / |
| Mención de responsabilidad, etc. | por el Dr. J. A. Presno y Bastiony. |
| 260 ## - PUBLICACIÓN, DISTRIBUCIÓN, ETC. | |
| Lugar de publicación, distribución, etc. | La Habana : |
| Nombre del editor, distribuidor, etc. | El siglo XX, |
| Fecha de publicación, distribución, etc. | 1920. |
| 300 ## - DESCRIPCIÓN FÍSICA | |
| Extensión | 311 p., 50 lám. ; |
| Dimensiones | 24 cm. |
| 852 ## - LOCALIZACIÓN | |
| Ubicación | ES-MaACL |
| Número de control de estantería | E-1508 |
| Estatus retirado | Estado de pérdida | Estado de daño | No para préstamo | Biblioteca de origen | Biblioteca actual | Ubicación en estantería | Fecha de adquisición | Fuente de adquisición | Total de préstamos | Signatura topográfica completa | Código de barras | Visto por última vez | Precio de reemplazo | Tipo de ítem Koha |
|---|---|---|---|---|---|---|---|---|---|---|---|---|---|---|
| Biblioteca del Ateneo de Madrid | Biblioteca del Ateneo de Madrid | Depósito 2 | 17/01/2008 | E-1508 | 1126251 | 23/02/2023 | 23/02/2023 | Libro impreso |
